Informe de la comisión designada por el ministro de educación para evaluar las recomendaciones de la evaluación quinquenal (externa) realizada por el Ministerio de Educación Superior, Ciencia y Tecnología al instituto superior de formación docente Salomé Ureña (Record no. 8330)
[ view plain ]
| 000 -LEADER | |
|---|---|
| campo de control de longitud fija | 00598nam a2200133Ia 4500 |
| 001 - NÚMERO DE CONTROL | |
| campo de control | 3506 |
| 008 - DATOS DE LONGITUD FIJA--INFORMACIÓN GENERAL | |
| campo de control de longitud fija | 241024s9999 xx 000 0 und d |
| 082 ## - NÚMERO DE LA CLASIFICACIÓN DECIMAL DEWEY | |
| Número de clasificación | RD/378/IN58i/2010 |
| 100 ## - ENTRADA PRINCIPAL--NOMBRE DE PERSONA | |
| Nombre de persona | República Dominicana.Ministerio de Educación |
| 245 #0 - MENCIÓN DEL TÍTULO | |
| Título | Informe de la comisión designada por el ministro de educación para evaluar las recomendaciones de la evaluación quinquenal (externa) realizada por el Ministerio de Educación Superior, Ciencia y Tecnología al instituto superior de formación docente Salomé Ureña |
| 260 ## - PUBLICACIÓN, DISTRIBUCIÓN, ETC. | |
| Nombre del editor, distribuidor, etc. | ISFODOSU |
| Fecha de publicación, distribución, etc. | 2010 |
| 901 ## - ELEMENTOS DE DATOS A LOCAL LDA (RLIN) | |
| a | 29/11/2013 10:47:19 a.m. |
No items available.